Institutions, institutional change and economic performance
Saved in:
| Main Author: | |
|---|---|
| Format: | Book |
| Language: | English |
| Published: |
New York
Cambridge University Press
2011
|
| Series: | Political economy of institutions and decisions
|
| Subjects: | |
| Tags: |
No Tags, Be the first to tag this record!
|
MARC
| LEADER | 00000nam a2200000 4500 | ||
|---|---|---|---|
| 001 | 0226734 | ||
| 005 | 20240306140329.4 | ||
| 020 | |a 978-0-521-39734-6 (pbk) | ||
| 020 | |a 978-0-521-39416-1 (hbk) | ||
| 041 | 0 | |a eng | |
| 044 | |a US | ||
| 245 | 1 | 0 | |a Institutions, institutional change and economic performance |c Douglass C. North |
| 264 | 1 | |a New York |b Cambridge University Press |c 2011 | |
| 300 | |a 152 s. | ||
| 490 | 1 | |a Political economy of institutions and decisions | |
| 830 | 0 | |a Political economy of institutions and decisions | |
| 610 | 2 | 0 | |a teórie ekonomické |
| 610 | 2 | 0 | |a inštitucionalizmus |
| 610 | 2 | 0 | |a organizácie |
| 610 | 2 | 0 | |a zmeny organizačné |
| 610 | 2 | 0 | |a náklady |
| 610 | 2 | 0 | |a výkonnosť |
| 610 | 2 | 0 | |a správanie organizačné |
| 610 | 2 | 0 | |a vzdelávanie |
| 610 | 2 | 0 | |a analýzy |
| 610 | 2 | 0 | |a vývoj |
| 100 | 1 | |a North, Douglass C. | |